Empowerment technologies (Record no. 367460)
[ view plain ]
| 000 -LEADER | |
|---|---|
| fixed length control field | 00823nam a22002537a 4500 |
| 003 - CONTROL NUMBER IDENTIFIER | |
| control field | 0 |
| 005 - DATE AND TIME OF LATEST TRANSACTION | |
| control field | 20250506180137.0 |
| 008 - FIXED-LENGTH DATA ELEMENTS--GENERAL INFORMATION | |
| fixed length control field | 250506b xxu||||| |||| 00| 0 eng d |
| 020 ## - INTERNATIONAL STANDARD BOOK NUMBER | |
| International Standard Book Number | 9786214271979 |
| 050 ## - LIBRARY OF CONGRESS CALL NUMBER | |
| Classification number | T 58.5 |
| Item number | .Em47 2024 |
| 245 ## - TITLE STATEMENT | |
| Title | Empowerment technologies |
| Statement of responsibility, etc | Abante, Marmelo and four others |
| 260 ## - PUBLICATION, DISTRIBUTION, ETC. (IMPRINT) | |
| Place of publication, distribution, etc | Manila |
| Name of publisher, distributor, etc | Unlimited Books Library Services & Publishing Inc. |
| Date of publication, distribution, etc | c2024 |
| 300 ## - PHYSICAL DESCRIPTION | |
| Extent | viii, 298 pages ; |
| Dimensions | 26cm. |
| 504 ## - BIBLIOGRAPHY, ETC. NOTE | |
| Bibliography, etc | Includes bibliographical references. |
| 650 ## - SUBJECT ADDED ENTRY--TOPICAL TERM | |
| Topical term or geographic name as entry element | Information technology. |
| 650 ## - SUBJECT ADDED ENTRY--TOPICAL TERM | |
| Topical term or geographic name as entry element | Digital literacy. |
| 650 ## - SUBJECT ADDED ENTRY--TOPICAL TERM | |
| Topical term or geographic name as entry element | Internet—Social aspects. |
| 650 ## - SUBJECT ADDED ENTRY--TOPICAL TERM | |
| Topical term or geographic name as entry element | Communication—Technological innovations. |
| 700 ## - ADDED ENTRY--PERSONAL NAME | |
| Personal name | Abante, Marmelo V. |
| 700 ## - ADDED ENTRY--PERSONAL NAME | |
| Personal name | Villegas, Renato A. |
| 700 ## - ADDED ENTRY--PERSONAL NAME | |
| Personal name | Arguelles, Dean Pastor R. |
| 700 ## - ADDED ENTRY--PERSONAL NAME | |
| Personal name | Neones, Mark Raffy |
| 942 ## - ADDED ENTRY ELEMENTS (KOHA) | |
| Source of classification or shelving scheme | Library of Congress Classification |
| Koha item type | Books |
| Withdrawn status | Lost status | Source of classification or shelving scheme | Damaged status | Home library | Current library | Shelving location | Date acquired | Source of acquisition | Sub Shelving location | Total Checkouts | Full call number | Barcode | Date last seen | Price effective from | Koha item type |
|---|---|---|---|---|---|---|---|---|---|---|---|---|---|---|---|
| Library of Congress Classification | College Library | College Library | Filipiniana Section | 05/06/2025 | Library Fund | T 58.5 .Em47 2024 | C24481 | 05/06/2025 | 05/06/2025 | Books | |||||
| Library of Congress Classification | College Library | College Library | Filipiniana Section | 05/06/2025 | Library Fund | T 58.5 .Em47 2024 | C24482 | 05/06/2025 | 05/06/2025 | Books | |||||
| Library of Congress Classification | College Library | College Library | Filipiniana Section | 05/06/2025 | Library Fund | T 58.5 .Em47 2024 | C24483 | 05/06/2025 | 05/06/2025 | Books |